000 00366nam a22001337a 4500
020 _a0-340-61943-0
082 _a823
_bBLY/F
100 _aENID BLYTON
245 _aTHE FAMOUS FIVE
_bFIVE GO OFF IN A CARAVAN AND FIVE ON KIRRIN ISLAND AGAIN
260 _aGREAT BRITAIN
_bHODDER CHILDRENS BOOK
_c1946
300 _a341
650 _aADVENTURE
_zUNITED KINGDOM
942 _cBK
999 _c197
_d197